000 00484cam a2200181ua 4500
020 _c2.00
041 _aeng
_h
082 _a320.5
_bWAT/AG
100 _aWatkins, Frederick.M .
245 _aAge of ideology - political thought, 1750 to the present /
_cM.Frederick Watkins.
_hTextual Documents
250 _a1 /
_b.
260 _a :
_bPrentice Hall of India Pvt Ltd. ,
_c1965.
300 _a114 ; .
365 _a2.00
504 _a
942 _cBK
999 _c2070
_d2070